000
00259nam a22001217a 4500
008
180605b xxu||||| |||| 00| 0 eng d
041
_a
eng
080
_a
043.3
100
_a
0
101
_a
SGJU0VA
245
_a
Rrjetat WLAN
_c
Krasniqi, Xh
942
_2
udc
_c
BK
999
_c
46348
_d
46348